Effect of Periodontal Therapy on Lymphocyte Subsets in Marginal Periodontitis / (رقم التسجيلة. 177153)

تفاصيل مارك
000 -LEADER
fixed length control field 01535namaa22003371i 4500
005 - أخر تعامل مع التسجيلة
control field 20260126144158.0
008 - FIXED-LENGTH DATA ELEMENTS--GENERAL INFORMATION
fixed length control field 251229s1993 ua ao||frm||| 000 0 eng d
040 ## - CATALOGING SOURCE
Original cataloguing agency EG-GICUC
Language of cataloging eng
Transcribing agency EG-GICUC
Modifying agency EG-GICUC
Description conventions rda
041 0# - LANGUAGE CODE
Language code of text/sound track or separate title eng
Language code of summary or abstract eng
-- ara
049 ## - Acquisition Source
Acquisition Source Deposit
097 ## - Degree
Degree Ph.D
099 ## - LOCAL FREE-TEXT CALL NUMBER (OCLC)
Local Call Number Cai01.09.08.Ph.D.1993.Sa.E.
100 0# - MAIN ENTRY--PERSONAL NAME
Authority record control number or standard number Samar Hasan EL kholy,
Preparation preparation.
245 10 - TITLE STATEMENT
Title Effect of Periodontal Therapy on Lymphocyte Subsets in Marginal Periodontitis /
Statement of responsibility, etc. By Samar Hasan ELkholy; Supervised by Prof. Dr. Gamal EL Ashiry, Prof. Dr. Omaima Gohar, Prof. Dr. Nadia Mokhtar, Dr. Reda Abd El Rahman.
246 15 - VARYING FORM OF TITLE
Title proper/short title تاثير علاج امراض اللثة على انواع الخلايا الليمفاوية فى التهاب سمحاق السنخ الهامشى
264 #0 - PRODUCTION, PUBLICATION, DISTRIBUTION, MANUFACTURE, AND COPYRIGHT NOTICE
Date of production, publication, distribution, manufacture, or copyright notice 1993.
300 ## - PHYSICAL DESCRIPTION
Extent 131 Leaves :
Other physical details illustrations ;
Dimensions 30 cm. +
336 ## - CONTENT TYPE
Source rda content
Content type term text
337 ## - MEDIA TYPE
Source rdamedia
Media type term Unmediated
338 ## - CARRIER TYPE
Source rdacarrier
Carrier type term volume
502 ## - DISSERTATION NOTE
Dissertation note Thesis (Ph.D)-Cairo University, 1993.
504 ## - BIBLIOGRAPHY, ETC. NOTE
Bibliography, etc. note Bibliography: pages 104-131
653 #0 - INDEX TERM--UNCONTROLLED
Uncontrolled term Lymphocytes
-- Periodontal Therapy
700 0# - ADDED ENTRY--PERSONAL NAME
Personal name Gamal EL Ashiry
Relator term thesis advisor.
700 0# - ADDED ENTRY--PERSONAL NAME
Personal name Omaima Gohar
Relator term thesis advisor.
700 0# - ADDED ENTRY--PERSONAL NAME
Personal name Nadia Mokhtar
Relator term thesis advisor.
700 0# - ADDED ENTRY--PERSONAL NAME
Personal name Reda Abd El Rahman
Relator term thesis advisor.
900 ## - Thesis Information
Department Department of Oral Medicine
Faculties Faculty of Oral and Dental Medicine.
Universities Cairo University
Grant date 1993
Supervisory body Gamal EL Ashiry
-- Omaima Gohar
-- Nadia Mokhtar
-- Reda Abd El Rahman
905 ## - Cataloger and Reviser Names
Cataloger Name Nermeen_Ahmed
Reviser Names Nourhan
942 ## - ADDED ENTRY ELEMENTS (KOHA)
Source of classification or shelving scheme Dewey Decimal Classification
Koha item type Thesis
Edition 21
Suppress in OPAC No
المقتنيات
Source of classification or shelving scheme Home library Current library Date acquired Inventory number Full call number Barcode Date last seen Effective from Koha item type
Dewey Decimal Classification المكتبة المركزبة الجديدة - جامعة القاهرة مكتبة المئوية 29.12.2025 25795 Cai01.09.08.Ph.D.1993.Sa.E 01010110025795000 29.12.2025 29.12.2025 Thesis
Cairo University Libraries Portal Implemented & Customized by: Eng. M. Mohamady Contacts: new-lib@cl.cu.edu.eg | cnul@cl.cu.edu.eg
CUCL logo CNUL logo
© All rights reserved — Cairo University Libraries
CUCL logo
Implemented & Customized by: Eng. M. Mohamady Contact: new-lib@cl.cu.edu.eg © All rights reserved — New Central Library
CNUL logo
Implemented & Customized by: Eng. M. Mohamady Contact: cnul@cl.cu.edu.eg © All rights reserved — Cairo National University Library